Nervous system. (رقم التسجيلة. 30125)

تفاصيل مارك
000 -الفاتح
حقل البيانات ثابتة الطول 01669cam a22003618a 4500
001 - رقم الضبط
رقم الضبط 16897684
003 - محدد رقم الضبط
رقم الضبط OSt
005 - وقت وتاريخ اخر تعامل مع التسجيلة
رقم الضبط 20150408114134.0
008 - عناصر البيانات ثابتة الطول - معلومات عامة
حقل البيانات ثابتة الطول 110727s2012 stk 001 0 eng
010 ## - رقم ضبط مكتبة الكونجرس
رقم ضبط مكتبة الكونجرس 2011032023
020 ## - الرقم الدولى المعيارى للكتب
الرقم الدولى المعيارى للكتاب 9780723436249
035 ## - رقم ضبط النظام
رقم ضبط النظام (DNLM)101565644
040 ## - مصدر الفهرسة
وكالة الفهرسة الأصلية DNLM/DLC
وكالة النسخ DLC
042 ## - رمز التحقق
رمز التحقق pcc
060 10 - رقم الطلب بالمكتبة الطبية الوطنية
رقم التصنيف WL 100
082 00 - رقم تصنيف ديوى العشرى
رقم التصنيف 612.8
رقم الطبعة 23
100 1# - المدخل الرئيسى - إسم شخصى
الإسم الشخصى Ross, Jenny,
التواريخ المصاحبة للاسم 1986-
9 (RLIN) 36090
245 10 - بيان العنوان
العنوان Nervous system.
250 ## - بيان الطبعة
بيان الطبعة 4th ed. /
بقية بيان الطبعة Jenny Ross.
260 ## - PUBLICATION, DISTRIBUTION, ETC. (IMPRINT)
مكان الناشر او الموزع Edinburgh :
اسم الناشر او الموزع Elsevier,
تاريخ النشر أو التوزيع 2012.
263 ## - تاريخ النشر المتوقع
تاريخ النشر المتوقع 1205
300 ## - الوصف المادى
التعداد p. ;
أبعاد الوعاء cm.
490 1# - بيان السلسلة
عنوان السلسلة Crash course
500 ## - تبصرة عامة
تبصرة عامة Rev.ed. of: Nervous system. 3rd ed. / Mark Hughes, Thomas Miller. Edinburgh : Mosby, 2007.
500 ## - تبصرة عامة
تبصرة عامة Includes index.
505 0# - تبصرة محتويات-الفهرس
تبصرة المحتويات المصاغة Introduction and overview of the central nervous system -- The development of the nervous system and disorders of development -- Cellular physiology of the nervous system and introduction to pharmacology -- The spinal cord and peripheral nerves -- Somatosensation and the perception of pain -- Motor control -- The automatic nervous system -- Vision -- Hearing, speech and language -- Olfaction and taste (gustation) -- The brainstem -- Neuroendocrinology -- Memory and higher functions -- Basic pathological process within the central nervous system -- Neurogenetics -- Pharmacology of the central nervous system -- Clinical assessment of the nervous system.
650 12 - المدخل الاضافى بالموضوع-مصطلح موضوعى
مصطلح موضوعي أو اسم جغرافي كعنصر مدخل Nervous System.
650 22 - المدخل الاضافى بالموضوع-مصطلح موضوعى
مصطلح موضوعي أو اسم جغرافي كعنصر مدخل Nervous System Diseases.
700 1# - المدخل الاضافى - اسم شخصى
الإسم الشخصى Hughes, Mark,
العنوان والكلمات الأخرى المصاحبة للاسم BSc.
عنوان العمل Nervous system.
9 (RLIN) 36092
830 #0 - المدخل الاضافى بالسلسلة -عنوان موحد
عنوان موحد Crash course.
9 (RLIN) 36087
906 ## - عنصر بيانات محلى F, LDF (RLIN)
a 7
b cbc
c orignew
d 1
e ecip
f 20
g y-gencatlg
942 ## - عناصر المدخل الإضافي( كوها)
مصدر التصنيف او مخطط الترفيف Dewey Decimal Classification
Koha [default] item type كتاب

لا توجد مواد متاحة.